[Event "Tourn. n7950"]
[Site "www.chess-mail.com"]
[Date "2014.12.24"]
[Round "1"]
[White "Krasin"]
[Black "Vite"]
[WhiteElo "2230"]
[BlackElo "2020"]
[Result "0-1"]
[Round "1"]
1.e4 c6
2.d4 d5
3.e5 Bc8f5
4.Ng1f3 e6
5.Bf1e2 Nb8d7
6.O-O c5
7.c4 dxc4
8.Be2xc4 cxd4
9.Nf3xd4 Bf5g6
10.Bc4xe6 fxe6
11.Nd4xe6 Qd8b6
12.Ne6f4 O-O-O
13.Nf4d5 Qb6e6
14.Bc1g5 Bf8e7
15.Qd1c2 Bg6xc2
{ resign }
0-1

[Event "Tourn. n7858"]
[Site "www.chess-mail.com"]
[Date "2014.12.24"]
[Round "1"]
[White "Anja"]
[Black "Luban"]
[WhiteElo "1850"]
[BlackElo "2030"]
[Result "0-1"]
[Round "1"]
1.e4 c5
2.Nb1c3 e6
3.g3 d5
4.Bf1g2 d4
5.Nc3e2 Nb8c6
6.d3 Bf8d6
7.f4 e5
8.Ng1f3 Ng8f6
9.O-O Bc8g4
10.f5 Bg4xf3
11.Bg2xf3 h6
12.Bc1d2 Qd8b6
13.b3 O-O-O
14.a4 a5
15.g4 g6
16.fxg6 fxg6
17.Ne2g3 Kb8
18.h3 Nc6b4
19.Bf3g2 Rd8f8
20.g5 hxg5
21.Bd2xg5 Nf6h5
22.Ng3xh5 gxh5
23.h4 Qb6c7
24.Bg2h3 Rf8xf1
25.Kxf1 Qc7f7
26.Bh3f5 Bd6e7
27.Bg5xe7 Qf7xe7
28.Qd1e2 Qe7xh4
29.Qe2g2 Qh4f6
30.Ra1c1 h4
31.Qg2h3 Rh8g8
32.Ke2 Rg8g3
33.Qh3h2 Qf6g5
34.Rc1f1 Rg3g2
{ resign }
0-1

[Event "Tourn. n7902"]
[Site "www.chess-mail.com"]
[Date "2014.12.24"]
[Round "1"]
[White "A27l"]
[Black "Bjonil60"]
[WhiteElo "1420"]
[BlackElo "1310"]
[Result "0-1"]
[Round "1"]
1.c4 c5
2.d3 Nb8c6
3.e4 Ng8f6
4.Ng1f3 h6
5.Bf1e2 a6
6.O-O d6
7.h3 g5
8.Nf3h2 e6
9.g4 e5
 { time }
0-1

[Event "Tourn. n7868"]
[Site "www.chess-mail.com"]
[Date "2014.12.24"]
[Round "1"]
[White "Anja"]
[Black "Jesmantiz"]
[WhiteElo "1850"]
[BlackElo "1980"]
[Result "0-1"]
[Round "1"]
1.e4 d6
2.d4 c6
3.Ng1f3 g6
4.Bf1e2 h6
5.c4 Bf8g7
6.Nb1c3 e6
7.O-O Ng8e7
8.Bc1e3 O-O
9.Qd1d2 Kh7
10.Ra1d1 f5
11.exf5 Ne7xf5
12.Nc3e4 d5
13.Ne4c5 b6
14.Nc5b3 Nf5xe3
15.fxe3 Nb8d7
16.cxd5 cxd5
17.Rd1c1 Nd7f6
18.Nf3e5 Nf6e4
19.Qd2d3 a5
20.Be2f3 Bc8a6
21.Qd3b1 Ba6xf1
22.Bf3xe4 dxe4
23.Rc1xf1 Qd8d5
24.Ne5g4 a4
25.Nb3d2 Bg7xd4
26.Nd2xe4 Rf8xf1
27.Kxf1 Ra8f8
28.Kg1 Bd4xb2
29.Ne4f2 Qd5d2
30.Nf2d1 Qd2e1
{ resign }
0-1

[Event "Tourn. n7885"]
[Site "www.chess-mail.com"]
[Date "2014.12.24"]
[Round "1"]
[White "Apoorva"]
[Black "Liencam2"]
[WhiteElo "2110"]
[BlackElo "2260"]
[Result "0-1"]
[Round "1"]
1.e3 e5
2.d4 e4
3.d5 g6
4.h4 h5
5.c4 d6
6.Bf1e2 Ng8f6
7.Nb1c3 Bc8f5
8.Ng1h3 Bf8h6
9.Qd1b3 Nb8d7
10.f4 exf3
11.Be2xf3 Qd8e7
12.Nh3g5 Nd7c5
13.Qb3b5 Bf5d7
14.Qb5a5 b6
15.Qa5a3 Nf6g4
16.Nc3e4 Nc5xe4
17.Ng5xe4 f5
18.Bf3xg4 Qe7xe4
19.Bg4f3 Qe4e5
20.Kf2 O-O
21.Bc1d2 f4
22.Qa3d3 fxe3
23.Bd2xe3 Qe5xb2
24.Kg3 Bd7f5
25.Bf3e4 Qb2e5
{ resign }
0-1

[Event "Tourn. n7885"]
[Site "www.chess-mail.com"]
[Date "2014.12.24"]
[Round "1"]
[White "Liencam2"]
[Black "Norlavuaram"]
[WhiteElo "2260"]
[BlackElo "2160"]
[Result "1-0"]
[Round "1"]
1.e4 e6
2.Qd1e2 c5
3.Ng1f3 Nb8c6
4.g3 d6
5.Bf1g2 Ng8f6
6.c3 Bf8e7
7.O-O O-O
8.d4 cxd4
9.cxd4 Bc8d7
10.Nb1c3 Ra8c8
11.h3 a6
12.a4 e5
13.dxe5 Nc6xe5
14.Nf3d2 Bd7c6
15.f4 Ne5d7
16.Kh2 Rf8e8
17.Nd2c4 b5
18.axb5 axb5
19.Nc4a5 Bc6a8
20.Nc3xb5 Be7f8
21.Nb5a7 Rc8c5
22.b4 Rc5c7
23.Na7b5 Rc7c8
24.Bc1b2 Nf6xe4
25.Qe2d3 Nd7f6
26.Nb5d4 d5
27.b5 Qd8b6
28.Na5b3 Ba8b7
29.Nd4f5 g6
30.Bb2d4 Qb6d8
31.Nf5e3 Bf8d6
32.Ra1a7 Re8e7
33.b6 Bd6b8
34.Ra7a5 Nf6h5
35.Bg2xe4 Re7xe4
36.Nb3c5 Re4e7
37.Nc5xb7 Re7xb7
38.Ra5xd5 Rb7d7
39.b7 Rc8c7
40.Bd4b6 { resign }
1-0

[Event "Tourn. n7880"]
[Site "www.chess-mail.com"]
[Date "2014.12.24"]
[Round "1"]
[White "Spitzer"]
[Black "Azulmarino"]
[WhiteElo "1590"]
[BlackElo "1530"]
[Result "0-1"]
[Round "1"]
1.e4 e5
2.Ng1f3 Nb8c6
3.Bf1c4 h6
4.d4 d6
5.Bc4xf7 Kxf7
6.O-O Ke8
7.dxe5 dxe5
8.Qd1xd8 Kxd8
9.Nb1d2 Bf8d6
10.Nd2c4 Bc8e6
11.Nc4xd6 cxd6
12.c3 Ng8f6
13.Nf3d2 b6
14.b3 b5
15.Nd2f3 Nf6xe4
16.Bc1e3 Be6g4
17.Nf3d2 Ne4xd2
18.Be3xd2 Bg4e2
19.Rf1e1 Be2d3
20.f4 e4
21.g4 Rh8e8
22.h4 Kd7
23.g5 hxg5
24.fxg5 Re8h8
{ resign }
0-1

[Event "Tourn. n7805"]
[Site "www.chess-mail.com"]
[Date "2014.12.24"]
[Round "1"]
[White "Norlavuaram"]
[Black "Wwgia"]
[WhiteElo "2090"]
[BlackElo "2090"]
[Result "0-1"]
[Round "1"]
1.e4 c5
2.Ng1f3 Nb8c6
3.d3 g6
4.g3 Bf8g7
5.Bf1g2 e6
6.O-O Ng8e7
7.c3 d5
8.Qd1c2 O-O
9.Nb1d2 b6
10.Rf1e1 Bc8b7
11.e5 Qd8c7
12.d4 cxd4
13.cxd4 Ra8c8
14.Qc2b3 Ne7f5
15.Qb3a4 b5
16.Qa4d1 Nc6xd4
17.Nf3xd4 Nf5xd4
18.Re1f1 Nd4c2
19.Ra1b1 Nc2b4
20.a3 Nb4d3
21.Nd2f3 Nd3xc1
22.Rb1xc1 Qc7xc1
23.Qd1xc1 Rc8xc1
24.Rf1xc1 Rf8c8
25.Rc1xc8 Bb7xc8
26.Kf1 Bg7f8
27.Ke1 a5
28.Nf3d4 Bc8d7
29.Bg2f1 b4
30.axb4 Bf8xb4
31.Kd1 Bd7a4
32.b3 Ba4d7
33.f4 Kf8
34.Bf1d3 Ke7
35.Nd4b5 f6
36.exf6 Kxf6
37.Nb5d4 e5
38.fxe5 Kxe5
39.Nd4c2 Bd7f5
40.Bd3e2 Bb4c3
41.Nc2e3 Bf5e4
42.Ne3g4 Ke6
43.Ng4e3 d4
44.Be2c4 Kd6
45.Ne3g4 h5
46.Ng4f2 Be4d5
47.Bc4d3 Bd5xb3
48.Ke2 Bb3f7
49.Nf2e4 Ke5
50.Ne4g5 Bf7e8
51.Ng5f3 Kd5
52.Nf3h4 g5
53.Nh4f3 g4
54.Nf3g5 a4
55.Bd3b1 Be8b5
56.Kd1 Bb5c4
57.h3 d3
58.hxg4 Bc4b3
{ resign }
0-1

[Event "Tourn. n7886"]
[Site "www.chess-mail.com"]
[Date "2014.12.24"]
[Round "1"]
[White "Roque1"]
[Black "Osopanda"]
[WhiteElo "1890"]
[BlackElo "1910"]
[Result "0-1"]
[Round "1"]
1.e4 c5
2.Ng1f3 d6
3.Bf1b5 Nb8c6
4.Nb1c3 Bc8d7
5.d3 e6
6.O-O Ng8e7
7.Nf3g5 g6
8.Bc1f4 e5
9.Bb5c4 d5
10.exd5 Nc6b4
11.Bf4xe5 Rh8g8
12.d6 Ne7d5
13.Nc3xd5 Nb4xd5
14.Bc4xd5 Qd8xg5
 { time }
0-1

[Event "Tourn. n7866"]
[Site "www.chess-mail.com"]
[Date "2014.12.24"]
[Round "1"]
[White "Generalfree"]
[Black "Robwally"]
[WhiteElo "1790"]
[BlackElo "1769"]
[Result "1-0"]
[Round "1"]
1.e4 e5
2.Ng1f3 Nb8c6
3.Bf1c4 Bf8c5
4.c3 Ng8f6
5.d3 O-O
6.b4 Bc5d6
7.Bc1g5 h6
8.Bg5xf6 Qd8xf6
9.Nb1d2 Nc6e7
10.g3 a6
11.a3 b5
12.Bc4b3  { time }
1-0

[Event "Tourn. n7935"]
[Site "www.chess-mail.com"]
[Date "2014.12.24"]
[Round "1"]
[White "Tenzinnima"]
[Black "Krasin"]
[WhiteElo "2050"]
[BlackElo "2210"]
[Result "0-1"]
[Round "1"]
1.d4 Ng8f6
2.c4 g6
3.Nb1c3 Bf8g7
4.e4 d6
5.Ng1f3 O-O
6.Bf1e2 e5
7.Bc1g5 Nb8d7
8.O-O h6
9.dxe5 hxg5
10.exf6 Bg7xf6
11.Qd1d2 g4
12.Nf3d4 Nd7e5
13.Nc3d5 Bf6g7
14.Ra1d1 c6
15.Nd5e3 Qd8h4
16.f3 c5
17.Nd4b5 g3
18.hxg3 Qh4xg3
19.f4 Bg7h6
20.Ne3d5 Bc8h3
21.Rf1f2 Ra8d8
22.Nb5xd6 Rd8xd6
23.Nd5e7 Kh7
24.Qd2xd6 Bh6xf4
25.Kf1 Bf4e3
26.Qd6f6 Be3xf2
27.Qf6xf2 Qg3xf2
28.Kxf2 Bh3e6
29.Rd1h1 Kg7
30.Ne7d5 f5
31.Ke3 f4
32.Kf2 g5
33.Nd5e7 Kf6
34.Ne7d5 Be6xd5
35.cxd5 g4
36.Rh1d1 f3
37.gxf3 gxf3
38.Be2f1 Kg5
39.d6 Kf4
40.d7 Ne5g4
41.Ke1 Rf8d8
42.Bf1h3 Ng4e5
43.Bh3f5 Ke3
44.Kf1 Rd8h8
45.Kg1 Ne5c6
46.e5 Ke2
47.Bf5c2 f2
48.Kg2 Rh8g8
49.Kh3 Nc6xe5
50.Kh4 Ne5xd7
51.Rd1xd7 c4
52.Rd7e7 Kd2
53.Re7f7 Kxc2
54.Rf7xf2 Kb1
55.a4 Ka2
56.Rf2c2 Kb3
57.Rc2c3 Kb4
58.Kh3 b6
59.Kh2 Rg8g5
60.Rc3h3 Rg5a5
{ resign }
0-1

[Event "Tourn. n7865"]
[Site "www.chess-mail.com"]
[Date "2014.12.24"]
[Round "1"]
[White "Gatrooper"]
[Black "A27l"]
[WhiteElo "1350"]
[BlackElo "1420"]
[Result "1-0"]
[Round "1"]
1.e4 e5
2.a3 d6
3.h3 Ng8f6
4.Nb1c3 c6
5.Ng1f3 Bf8e7
6.Bf1c4 O-O
7.Nf3g5 h6
8.Ng5f3 Bc8e6
9.Bc4xe6 fxe6
10.d3 Nf6h7
11.Bc1d2 Be7g5
12.Bd2xg5  { time }
1-0

[Event "Tourn. n7680"]
[Site "www.chess-mail.com"]
[Date "2014.12.24"]
[Round "1"]
[White "Spitzer"]
[Black "Maxlou"]
[WhiteElo "1499"]
[BlackElo "1540"]
[Result "0-1"]
[Round "1"]
1.e4 c6
2.d4 d5
3.Nb1c3 dxe4
4.Nc3xe4 Ng8f6
5.Bf1d3 Nf6xe4
6.Bd3xe4 Bc8f5
7.Be4xf5 Qd8a5
8.Bc1d2 Qa5xf5
9.Ng1f3 g6
10.O-O Bf8g7
11.c4 O-O
12.Qd1e2 e6
13.Nf3e5 Bg7xe5
14.Qe2xe5 Qf5xe5
15.dxe5 Nb8d7
16.Bd2h6 Rf8d8
17.Bh6g5 Rd8e8
18.f4 Kg7
19.Ra1d1 Nd7b6
20.b3 Nb6c8
21.Rd1d7 Ra8b8
22.Bg5f6 Kg8
23.Rf1d1 Nc8b6
24.Rd7d8 Rb8xd8
25.Rd1xd8 Re8xd8
26.Bf6xd8 Nb6d7
27.Bd8a5 b6
28.Ba5d2 Nd7c5
29.Bd2e3 Nc5e4
30.a4 f6
31.h4 fxe5
32.fxe5 Kf7
33.g4 Ne4c3
34.Kg2 Nc3a2
35.Be3d2 a5
36.g5 Ke7
37.Kg3 Na2b4
38.Kf3 Nb4d3
39.Bd2e3 Nd3xe5
40.Ke4 Ne5d7
41.Be3d4 Kd6
42.Kd3 Nd7c5
43.Kc3 e5
44.Bd4e3 Nc5d7
45.b4 axb4
46.Kxb4 e4
47.Be3xb6 Nd7xb6
48.c5 Kc7
49.cxb6 Kxb6
{ resign }
0-1

[Event "Tourn. n7937"]
[Site "www.chess-mail.com"]
[Date "2014.12.24"]
[Round "1"]
[White "Anol"]
[Black "Gatrooper"]
[WhiteElo "1290"]
[BlackElo "1300"]
[Result "0-1"]
[Round "1"]
1.g3 g5
2.e3 a6
3.Bf1g2 e5
4.c3 d5
5.d4 e4
6.Ng1e2 Bc8g4
7.O-O Bg4xe2
8.Qd1xe2 Ng8f6
9.c4 dxc4
10.Nb1c3 c6
11.Bg2xe4 h5
12.Qe2xc4 Nf6xe4
13.Nc3xe4 g4
14.b3 h4
15.f3 hxg3
16.Kg2 Qd8h4
17.Rf1h1 Qh4h3
{ resign }
0-1

[Event "Tourn. n7837"]
[Site "www.chess-mail.com"]
[Date "2014.12.24"]
[Round "1"]
[White "Sneige"]
[Black "Haukia"]
[WhiteElo "2270"]
[BlackElo "2200"]
[Result "0-1"]
[Round "1"]
1.d4 d5
2.c4 c6
3.Ng1f3 Ng8f6
4.Nb1c3 a6
5.a4 e6
6.e3 c5
7.Bf1e2 Nb8c6
8.O-O Bf8d6
9.dxc5 Bd6xc5
10.b3 O-O
11.Bc1b2 dxc4
12.Be2xc4 Nc6a5
13.Bc4d3 Na5xb3
14.Bd3xh7 Nf6xh7
15.Qd1xb3 Nh7f6
16.Qb3c4 Bc5e7
17.Rf1d1 Qd8b6
18.Ra1b1 Qb6b4
19.Qc4c7 Qb4c5
20.Qc7g3 Qc5a5
 { time }
0-1

[Event "Tourn. n7805"]
[Site "www.chess-mail.com"]
[Date "2014.12.24"]
[Round "1"]
[White "Wwgia"]
[Black "Krasin"]
[WhiteElo "2090"]
[BlackElo "2160"]
[Result "1/2-1/2"]
[Round "1"]
1.d4 Ng8f6
2.c4 g6
3.Nb1c3 c5
4.d5 Bf8g7
5.e4 d6
6.Ng1f3 O-O
7.Bf1e2 e6
8.O-O exd5
9.cxd5 Nb8a6
10.Nf3d2 Na6c7
11.a4 b6
12.Qd1c2 Bc8a6
13.Be2xa6 Nc7xa6
14.Nd2c4 Na6b4
15.Qc2b1 Rf8e8
16.Bc1g5 h6
17.Bg5f4 Bg7f8
18.f3 Nf6h5
19.Bf4e3 Qd8d7
20.Nc3a2 Qd7xa4
21.b3 Qa4d7
22.Na2xb4 cxb4
23.Be3d4 Nh5f4
24.Qb1d1 g5
25.Nc4e3 Nf4g6
26.Ne3f5 Ng6e5
27.f4 gxf4
28.Rf1xf4 Kh7
29.Qd1h5 f6
30.Rf4h4 Qd7f7
31.Qh5e2 Ra8c8
32.Qe2d2 Qf7g6
33.Ra1xa7 Kg8
34.Kf1 h5
35.Rh4h3 Ne5g4
36.Rh3g3 Qg6g5
37.Qd2xg5 fxg5
38.h3 Rc8c1
39.Ke2 Re8xe4
40.Kd2 Re4e1
41.hxg4 Re1d1
42.Ke2 Rd1e1
43.Kd2 { draw }
1/2-1/2

[Event "Tourn. n7914"]
[Site "www.chess-mail.com"]
[Date "2014.12.24"]
[Round "1"]
[White "Masti"]
[Black "Bojan"]
[WhiteElo "1960"]
[BlackElo "1930"]
[Result "0-1"]
[Round "1"]
1.e4 g6
2.d4 Bf8g7
3.Ng1f3 d6
4.Nb1c3 c6
5.Bc1e3 Ng8f6
6.Bf1d3 Nf6g4
7.Be3g5 f6
8.Bg5h4 e5
9.h3 Ng4h6
 { time }
0-1

[Event "Tourn. n7686"]
[Site "www.chess-mail.com"]
[Date "2014.12.24"]
[Round "1"]
[White "Falcoale"]
[Black "Johnmcbride"]
[WhiteElo "1820"]
[BlackElo "1860"]
[Result "1-0"]
[Round "1"]
1.e4 e5
2.Ng1f3 d6
3.Bf1c4 c6
4.O-O b5
5.Bc4b3 a5
6.a3 a4
7.Bb3a2 h6
8.d4 exd4
9.Nf3xd4 Bc8e6
10.Nd4xe6 fxe6
11.Ba2xe6 Qd8e7
12.Be6xg8 Rh8xg8
13.Bc1f4 g5
14.Bf4g3 Nb8d7
15.Nb1d2 O-O-O
16.b3 Bf8g7
17.Ra1b1 Nd7c5
18.b4 Nc5xe4
19.Nd2xe4 Qe7xe4
20.f3 Qe4e3
21.Bg3f2 Qe3f4
22.Qd1e2 Bg7e5
23.Bf2g3 Qf4d4
24.Bg3f2 Qd4f4
25.Bf2g3 Qf4f5
26.Rb1d1 Rg8e8
27.Bg3xe5 dxe5
28.Rd1xd8 Re8xd8
29.c4 Rd8d3
30.cxb5 cxb5
31.Qe2e4 Qf5xe4
32.fxe4 Rd3xa3
33.Rf1f5 Ra3a1
34.Kf2 Ra1a2
35.Kg3 a3
36.Rf5xe5 Ra2b2
37.Re5xb5 a2
38.Rb5a5 Kc7
39.Kf3 Rb2b3
40.Kg4 Rb3xb4
41.Ra5xa2 Rb4xe4
42.Kf3 Re4f4
43.Ke3 Kd6
44.Ra2a6 Ke5
45.Ra6xh6 g4
46.Rh6h5 Rf4f5
47.Rh5xf5 Kxf5
48.g3 Kg5
49.Ke4 Kh5
50.Kf4 { resign }
1-0

[Event "Tourn. n7722"]
[Site "www.chess-mail.com"]
[Date "2014.12.24"]
[Round "1"]
[White "Apoorva"]
[Black "Johnmcbride"]
[WhiteElo "2040"]
[BlackElo "1840"]
[Result "1-0"]
[Round "1"]
1.d4 d5
2.Ng1f3 e6
3.c4 Bf8b4
4.Nb1c3 a6
5.a3 Bb4e7
6.e4 dxe4
7.Nc3xe4 Ng8f6
8.Ne4xf6 Be7xf6
9.Bc1e3 O-O
10.Bf1e2 h6
11.Qd1d3 Nb8c6
12.Ra1d1 Bc8d7
13.d5 Nc6e5
14.Nf3xe5 Bf6xe5
15.dxe6 Bd7xe6
16.Qd3e4 Qd8f6
17.O-O c6
18.b3 Ra8d8
19.f4 Be5c7
20.Be3d4 Qf6h4
21.g3 Qh4h3
22.f5 Bc7xg3
23.hxg3 Qh3xg3
24.Qe4g2 Qg3xg2
25.Kxg2 Be6c8
26.Bd4c5 Rd8xd1
27.Be2xd1 Rf8d8
28.Bd1g4 f6
29.Rf1f3 Rd8d2
30.Kg3 Rd2d1
31.Rf3e3 Kh7
32.Bc5f8 Rd1g1
33.Kf4 Kg8
34.Re3e8 Bc8d7
35.Re8d8 b5
36.Bf8c5 Kh7
37.Bc5xg1 g5
38.fxg6 Kxg6
39.Rd8xd7 h5
40.Bg4f5 Kh6
41.Rd7h7 
1-0

[Event "Match"]
[Site "www.echecsemail.com"]
[Date "2014.12.24"]
[Round "1"]
[White "Krazy4chess"]
[Black "Wwgia"]
[WhiteElo "1970"]
[BlackElo "2090"]
[Result "1/2-1/2"]
[Round "1"]
1.e4 c5
2.Ng1f3 Nb8c6
3.d4 cxd4
4.Nf3xd4 g6
5.c4 Ng8f6
6.Nb1c3 Nc6xd4
7.Qd1xd4 d6
8.Bf1d3 Bf8g7
9.O-O O-O
10.h3 Bc8e6
11.Qd4e3 Qd8a5
12.Bc1d2 Rf8c8
13.b3 a6
14.Nc3d5 Qa5d8
15.Nd5b6 Nf6d7
16.Nb6xa8 Rc8xa8
17.Ra1e1 Qd8c7
18.f4 f6
19.f5 Be6f7
20.fxg6 Bf7xg6
21.Qe3g3 Nd7c5
22.Bd3b1 b5
23.cxb5 axb5
24.b4 Nc5e6
25.e5 dxe5
26.Bb1xg6 hxg6
27.Qg3xg6 Ra8xa2
28.Bd2h6 Qc7c2
29.Qg6xc2 Ra2xc2
30.Bh6xg7 { draw }
1/2-1/2

[Event "Match"]
[Site "www.echecsemail.com"]
[Date "2014.12.24"]
[Round "1"]
[White "Generalfree"]
[Black "Maestro"]
[WhiteElo "1810"]
[BlackElo "2010"]
[Result "1/2-1/2"]
[Round "1"]
1.e4 c5
2.f4 Nb8c6
3.c3 e5
4.d3 d6
5.f5 Ng8f6
6.g4 g6
7.fxg6 hxg6
8.Bf1e2 Bc8e6
9.g5 Nf6h5
10.Be2xh5 Rh8xh5
11.h4 Qd8d7
12.a3 Be6g4
13.Qd1d2 O-O-O
14.b4 Kb8
15.b5 Nc6a5
16.Qd2b2 b6
17.c4 Bf8g7
18.Bc1d2 Na5b7
19.a4 f5
20.Nb1c3 f4
21.Nc3d5 Bg4e6
22.Nd5c3 Rd8h8
23.O-O-O Rh5xh4
24.Rh1xh4 Rh8xh4
25.Ng1f3 Rh4h5
26.Rd1g1 Be6f7
27.Bd2e1 Qd7h3
28.Qb2g2 Qh3xg2
29.Rg1xg2 Nb7d8
30.Rg2h2 Nd8e6
31.Rh2xh5 gxh5
32.Nc3d5 Ne6c7
33.Nd5e7 a6
34.Ne7f5 Bg7f8
35.Nf3h4 axb5
36.axb5 Nc7e6
37.g6 Bf7g8
38.Nh4g2 f3
39.Ng2e3 Ne6f4
40.g7 Bf8xg7
41.Nf5xg7 Nf4xd3
42.Kd2 f2
43.Be1xf2 Nd3xf2
44.Ng7xh5 Nf2xe4
45.Kc2 Kc8
46.Kd3 Ne4g5
47.Nh5f6 Bg8e6
48.Nf6e8 Kd7
49.Ne8g7 e4
50.Kc3 Ng5f3
51.Ng7xe6 Kxe6
52.Ne3d5 Nf3d4
53.Kd2 Nd4b3
54.Ke3 Kd7
55.Nd5xb6 Kc7
56.Nb6d5 Kb7
57.Kxe4 Nb3a5
58.Kd3 Kb8
59.Kc3 { draw }
1/2-1/2

[Event "Match"]
[Site "www.echecsemail.com"]
[Date "2014.12.24"]
[Round "1"]
[White "Generalfree"]
[Black "Nestor"]
[WhiteElo "1760"]
[BlackElo "2060"]
[Result "0-1"]
[Round "1"]
1.e4 Ng8f6
2.e5 Nf6d5
3.c4 Nd5b6
4.Nb1c3 d5
5.c5 Nb6d7
6.d4 c6
7.g3 b6
8.b4 bxc5
9.bxc5 Qd8c7
10.Bc1d2 e6
11.f4 Bf8e7
12.Ng1f3 O-O
13.Bf1d3 Nb8a6
14.Qd1a4 Na6xc5
15.dxc5 Nd7xc5
16.Qa4d4 Nc5xd3
17.Qd4xd3 c5
18.Ra1b1 Bc8b7
19.h4 Ra8b8
20.h5 d4
21.Nc3b5 Qc7c6
22.Rh1f1 Qc6e4
23.Qd3xe4 Bb7xe4
24.Rb1b2 Be4d3
25.a4 Bd3xf1
26.Kxf1 a6
27.Bd2a5 axb5
28.Rb2xb5 Rb8xb5
29.axb5 d3
30.Ba5c7 c4
31.Nf3d4 c3
32.Ke1 Be7b4
33.Kd1 Rf8a8
34.Nd4b3 Ra8a2
35.b6 Ra2h2
36.Ke1 c2
{ resign }
0-1

[Event "Match"]
[Site "www.echecsemail.com"]
[Date "2014.12.24"]
[Round "1"]
[White "Maestro"]
[Black "Apoorva"]
[WhiteElo "1990"]
[BlackElo "2160"]
[Result "0-1"]
[Round "1"]
1.f4 e5
2.Ng1f3 e4
3.Nf3e5 d6
4.Ne5xf7 Kxf7
5.e3 Ng8f6
6.d4 d5
7.c4 Bc8e6
8.cxd5 Nf6xd5
9.Nb1c3 Bf8b4
10.Bc1d2 c5
11.a3 cxd4
12.Nc3xd5 Bb4xd2
13.Qd1xd2 Qd8xd5
14.Ra1d1 d3
15.Rd1c1 Nb8c6
16.g3 Rh8c8
17.Bf1g2 Nc6a5
18.O-O Na5b3
19.Bg2xe4 Nb3xd2
20.Be4xd5 Be6xd5
21.Rf1d1 Rc8xc1
22.Rd1xc1 Nd2f3
23.Kf2 d2
24.Rc1d1 Bd5b3
{ resign }
0-1

[Event "Match"]
[Site "www.echecsemail.com"]
[Date "2014.12.24"]
[Round "1"]
[White "Vladvuckovic"]
[Black "Schwiizer"]
[WhiteElo "2790"]
[BlackElo "2640"]
[Result "1/2-1/2"]
[Round "1"]
1.e4 c5
2.Ng1f3 e6
3.d4 cxd4
4.Nf3xd4 Nb8c6
5.Nb1c3 Ng8f6
6.Nd4xc6 bxc6
7.e5 Nf6d5
8.Nc3e4 Qd8c7
9.f4 Qc7a5
10.c3 Bf8e7
11.Bf1d3 Qa5b6
12.Qd1e2 O-O
13.a3 f5
14.exf6 Nd5xf6
15.Ne4xf6 Rf8xf6
16.Bc1e3 c5
17.O-O Bc8b7
18.b4 Ra8f8
19.Ra1d1 Qb6c7
20.Rf1f2 g6
21.h4 Be7d6
22.g3 Rf8f7
23.Kh2 Bd6f8
24.a4 Bb7d5
25.Qe2d2 Bd5b3
26.Rd1e1 Bf8e7
27.a5 Bb3d5
28.b5 Bd5a8
29.a6 d5
30.Bd3f1 Rf7f8
31.Bf1g2 Rf8b8
32.Qd2d3 Be7d6
33.Rf2e2 Qc7d7
34.Be3f2 Kg7
35.c4 dxc4
36.Qd3c3 Ba8d5
37.Re2d2 Bd5xg2
38.Kxg2 Rb8xb5
39.Qc3xc4 Rb5b6
40.Qc4xc5 Rb6xa6
41.Qc5d4 Qd7c8
42.Re1b1 Kf7
43.Qd4b2 Ra6c6
44.Rb1a1 a6
45.Ra1d1 Bd6e7
46.Bf2d4 Rf6f5
47.Bd4h8 e5
48.Bh8xe5 Kg8
49.Qb2b3 { draw }
1/2-1/2

[Event "Match"]
[Site "www.echecsemail.com"]
[Date "2014.12.24"]
[Round "1"]
[White "Faerieking"]
[Black "Xav77"]
[WhiteElo "1499"]
[BlackElo "2070"]
[Result "1-0"]
[Round "1"]
1.e4 e5
2.Ng1f3 Nb8c6
3.Bf1c4 h6
4.O-O Ng8f6
5.d4 Bf8d6
6.d5 Nc6e7
7.Bc4d3 g5
8.c4 Ne7g6
9.Nb1c3 g4
10.Nf3e1 Bd6c5
11.Ne1c2 a6
12.a3 h5
13.b4 Bc5a7
14.c5 d6
15.c6 h4
16.Nc2e3 b5
17.a4 g3
18.axb5 gxh2
19.Kxh2 h3
20.g3 Ba7xe3
21.fxe3 Nf6g4
22.Kh1 Qd8g5
23.Qd1f3 Rh8h7
24.bxa6 f6
25.Bc1d2 Rh7f7
26.b5 Ng6e7
27.a7 Ng4h6
28.b6 cxb6
29.Nc3b5 Kd8
30.Nb5xd6 Rf7g7
31.Nd6xc8 Ne7xc8
32.Qf3xf6 Qg5xf6
33.Rf1xf6 Nh6f7
34.Kh2 Ke7
35.Rf6e6 Kd8
36.Bd2c3 Nf7g5
37.Re6xe5 Ng5f3
38.Kxh3 Nf3xe5
39.Bc3xe5 Rg7h7
40.Kg2 Nc8e7
41.Bd3b5 Rh7h5
42.Be5f6 Rh5h6
43.c7 Kxc7
44.Bf6xe7 { resign }
1-0

[Event "Match"]
[Site "www.echecsemail.com"]
[Date "2014.12.24"]
[Round "1"]
[White "Umzi"]
[Black "Neo"]
[WhiteElo "2140"]
[BlackElo "1790"]
[Result "1-0"]
[Round "1"]
1.e4 e5
2.Ng1f3 d6
3.d4 exd4
4.Qd1xd4 c5
5.Qd4d1 b6
6.Bf1c4 Bf8e7
7.Nb1c3 Ng8f6
8.O-O O-O
9.Rf1e1 Bc8b7
10.Nc3d5 Nf6xd5
11.exd5 h6
12.Bc4b3 Be7f6
13.c4 Nb8a6
14.a3 Ra8c8
15.Bb3c2 Rc8c7
16.Qd1d3 g6
17.Bc1xh6 Rf8e8
18.Re1xe8 Qd8xe8
19.Ra1e1 Rc7e7
20.Re1xe7 Qe8xe7
21.b3 Bb7c8
22.Qd3d2 Bc8g4
23.Nf3e1 Bf6g7
24.Bh6xg7 Kxg7
25.f3 Bg4d7
26.g3 Bd7h3
27.Kf2 Qe7e5
28.Ne1d3 Qe5d4
29.Qd2e3 Qd4c3
30.Qe3e2 Na6b8
31.Nd3f4 Bh3c8
32.Nf4xg6 fxg6
33.Qe2e7 Kh6
34.Qe7f8 Kg5
35.Qf8f4 Kh5
36.Qf4h4 
1-0

[Event "Match"]
[Site "www.echecsemail.com"]
[Date "2014.12.24"]
[Round "1"]
[White "Paco6"]
[Black "Germancho95"]
[WhiteElo "1550"]
[BlackElo "1530"]
[Result "0-1"]
[Round "1"]
1.d4 d5
2.e3 f5
3.Bf1d3 e6
4.f4 Ng8f6
5.Ng1f3 Bf8d6
6.O-O O-O
7.Nb1c3 c6
8.h3 Nf6e4
9.Qd1e1 Bc8d7
10.Nf3h4 Bd6e7
11.g3 Be7xh4
12.gxh4 Rf8f6
13.Kh1 Rf6h6
14.b3 Qd8f6
15.Bc1a3 Rh6xh4
16.Nc3xe4 dxe4
17.Bd3c4 Kh8
18.Rf1g1 Rh4xh3
19.Kg2 Rh3h6
20.Kf1 b6
21.Qe1g3 g6
22.Ra1d1 Qf6h4
23.Kf2 Qh4h2
24.Rg1g2 Qh2xg3
25.Rg2xg3 Rh6h2
26.Rg3g2 Rh2xg2
27.Kxg2 b5
28.Bc4e2 Bd7e8
29.Rd1h1 Nb8d7
30.c4 bxc4
31.Be2xc4 Be8f7
32.Ba3b2 Nd7f8
33.d5 Kg8
34.dxe6 Bf7xe6
35.Rh1d1 Ra8b8
36.Rd1d6 Be6xc4
37.Bb2d4 Bc4b5
38.Bd4xa7 Rb8b7
39.Ba7c5 h5
40.Rd6f6 Nf8h7
41.Rf6xg6 Rb7g7
 { time }
0-1

[Event "Match"]
[Site "www.echecsemail.com"]
[Date "2014.12.24"]
[Round "1"]
[White "Andersspike"]
[Black "Oxycontin"]
[WhiteElo "1809"]
[BlackElo "2090"]
[Result "0-1"]
[Round "1"]
1.a3 Ng8f6
2.Ng1f3 d5
3.g3 c6
4.Bf1g2 Bc8g4
5.O-O Nb8d7
6.d3 g6
7.Nb1d2 Bf8g7
8.h3 Bg4xf3
9.Nd2xf3 O-O
10.c4 e6
11.Qd1c2 Ra8c8
12.Bc1e3 a6
13.Ra1c1 Rf8e8
14.b4 e5
15.cxd5 cxd5
16.Qc2b1 d4
17.Rc1xc8 Qd8xc8
18.Rf1c1 Qc8b8
19.Be3d2 Re8c8
20.Rc1xc8 Qb8xc8
21.Qb1c1 Qc8xc1
22.Bd2xc1 Nf6e8
23.Nf3d2 Ne8d6
24.Nd2c4 Nd6xc4
25.dxc4 b6
26.Bg2b7 Nd7b8
27.c5 bxc5
28.bxc5 Bg7f8
29.c6 Bf8d6
30.Bc1g5 Bd6c7
 { time }
0-1

[Event "Match"]
[Site "www.echecsemail.com"]
[Date "2014.12.24"]
[Round "1"]
[White "Desiderio"]
[Black "Paco"]
[WhiteElo "2000"]
[BlackElo "1950"]
[Result "1-0"]
[Round "1"]
1.d4 d5
2.c4 dxc4
3.e3 Bc8e6
4.Nb1a3 Ng8f6
5.Bf1xc4 Be6g4
6.f3 Bg4e6
7.Bc4xe6 fxe6
8.Qd1b3 Qd8d7
9.Qb3xb7 a6
10.Qb7xa8 Qd7c8
11.Bc1d2 Nf6d5
12.Na3c4 g6
13.Nc4a5 Nd5b6
14.Qa8e4 Bf8g7
15.Ng1e2 O-O
16.O-O Qc8d7
17.Bd2c3 Nb6d5
18.Na5b3 Nb8c6
19.Nb3c5 Qd7d6
20.Qe4xe6 Kh8
21.Qe6xd6 exd6
22.Nc5e6 Rf8f7
23.Ne6xg7 Kxg7
24.e4 Nd5e3
25.d5 Nc6e5
26.Bc3xe5 dxe5
27.Rf1c1 h5
28.Rc1c3 Ne3xg2
29.Kxg2 { resign }
1-0

[Event "Match"]
[Site "www.echecsemail.com"]
[Date "2014.12.24"]
[Round "1"]
[White "Emmanuelasi"]
[Black "Joseph1983"]
[WhiteElo "2110"]
[BlackElo "2150"]
[Result "1-0"]
[Round "1"]
1.e4 c5
2.d4 cxd4
3.c3 dxc3
4.Nb1xc3 d6
5.Bf1c4 e6
6.Ng1f3 a6
7.O-O Bf8e7
8.Qd1e2 Ng8f6
9.Rf1d1 Qd8a5
10.Bc1f4 e5
11.Bf4e3 b5
12.Bc4d5 Nf6xd5
13.Nc3xd5 Be7d8
14.Be3d2 Qa5a4
15.b3 Qa4a3
16.Bd2b4 { resign }
1-0

[Event "Match"]
[Site "www.echecsemail.com"]
[Date "2014.12.24"]
[Round "1"]
[White "Neoncrash"]
[Black "Eusegon"]
[WhiteElo "1760"]
[BlackElo "2220"]
[Result "1-0"]
[Round "1"]
1.d4 d5
2.c4 c6
3.Nb1c3 Ng8f6
4.Ng1f3 dxc4
5.e4 b5
6.e5 Nf6d5
7.a4 b4
8.Nc3b1 e6
9.Bf1xc4 a5
10.Bc1g5 Bf8e7
11.Bg5xe7 Qd8xe7
12.Nb1d2 Bc8a6
13.Ra1c1  { time }
1-0

[Event "Match"]
[Site "www.echecsemail.com"]
[Date "2014.12.24"]
[Round "1"]
[White "Kai1"]
[Black "Mourinho01"]
[WhiteElo "1430"]
[BlackElo "2109"]
[Result "1-0"]
[Round "1"]
1.e4 e5
2.Ng1f3 Ng8f6
3.d3 Nb8c6
4.Bc1e3 d5
5.exd5 Nf6xd5
6.Bf1e2 Bf8e7
7.c4 Nd5xe3
8.fxe3 Be7c5
9.e4 Bc8g4
10.Qd1a4 Bg4xf3
11.Be2xf3 Qd8xd3
12.Qa4b3 Qd3xb3
13.axb3 Nc6d4
14.Bf3d1 O-O
15.Rh1f1 Rf8d8
16.Nb1a3 Rd8d6
17.Na3b5 Nd4xb5
18.cxb5 Rd6d4
19.Bd1f3 Bc5b4
20.Kf2 Rd4d2
21.Kg1 Rd2xb2
22.Ra1d1 Rb2xb3
23.Rd1d5 Bb4d6
24.Bf3d1 Rb3b4
25.Bd1f3 g6
26.Rf1c1 a5
27.Bf3g4 Rb4xe4
28.h3 a4
29.b6 Ra8c8
30.Bg4xc8 a3
31.Bc8xb7 Kf8
32.bxc7 Bd6xc7
33.Rc1xc7 Re4e1
34.Kf2 a2
35.Rd5d7 a1Q
36.Rd7xf7 Kg8
37.Rf7g7 Kf8
38.Rc7f7 Ke8
39.Bb7c6 { resign }
1-0